Statystyki dla Zwycięzcy Mistrzostw Świata w Siatkówce

Kliknij tutaj aby rozwiązać quiz!

Ogólne statystyki

  • Ten quiz został rozwiązany 567 razy
  • Średni wynik to 16 z 19

Statystyki odpowiedzi

RokKraj% Poprawnych
2018Polska
100%
2014Polska
100%
1974Polska
100%
2010Brazylia
96%
2006Brazylia
96%
2002Brazylia
96%
1998Włochy
94%
1994Włochy
94%
1990Włochy
94%
1986USA
87%
1949ZSRR
77%
1952ZSRR
77%
1978ZSRR
77%
1962ZSRR
77%
1960ZSRR
77%
1982ZSRR
77%
1966Czechosłowacja
46%
1956Czechosłowacja
46%
1970NRD
45%

Rozkład punktacji

Percentyl według liczby udzielonych odpowiedzi

Procent ludzi z każdym wynikiem

Twoja historia wyników

Nie rozwiązałeś tego quizu